L'Electorat de Mayence, le Bas Palatinat, et une Partie du Pays de Hesse et de la Rivière du Mein représentant ensemble les Parties du Cercle Occidental de Franconie Savoir la plus basse Partie de l'Evêché de Wurtzbourg le Comté de Wertheim, Reineck, Hohenlo, Erpach &c. Dressé sur les Memoires les plus nouveaux = Altera et Minor Pars Totius Illustrissimi Franconiae Circuli Simulae Archiepiscopatus et Electoratus Moguntini atque ceteri Franconiae Status ut sunt Comitatus Wertheim, Reinek ac Erpach finitimis que inferior Palatinatus Rheni inhac tabula ostenduntur /

Hlavní autor: Condet, Johannes, 1711-1781
Další autoři: Covens, Johannes, 1722-1794, Mortier, Cornelis, 1699-1783
Jazyk: Francouzština
Latina
Vydáno: A Amsterdam : Chez Cóvens et Mortier, [mezi 1758 a 1770]
Témata:
Externí odkaz: Digitalizovaný dokument
Fyzický popis: 1 mapa : mědirytina ; 53 x 46 cm na listu 68 x 57 cm
Language note: Název francouzsky a latinsky
Mapy
Uloženo v:
LEADER 02915nem a22005052a 4500
001 mzk03001055515
003 CZ BrMZK
005 20110304085815.0
007 aj|aa|||
008 071002q17581770ne ij|||||a|||r|0|||latod
034 1 |a a  |b 450000  |d E0072200  |e E0094800  |f N0505000  |g N0484600 
040 |a BOA001  |b cze 
041 0 |a lat  |a fre 
043 |a e-gx--- 
072 7 |a 912:904  |x Staré mapy  |2 Konspekt  |9 7 
080 |a (084.3)  |2 MRF 
080 |a (430.129)  |2 MRF 
080 |a 912.43:069.5  |2 MRF 
100 1 |a Condet, Johannes,  |d 1711-1781  |7 mzk2009528418  |4 aut 
245 1 2 |a L'Electorat de Mayence, le Bas Palatinat, et une Partie du Pays de Hesse et de la Rivière du Mein  |h [kartografický dokument] :  |b représentant ensemble les Parties du Cercle Occidental de Franconie Savoir la plus basse Partie de l'Evêché de Wurtzbourg le Comté de Wertheim, Reineck, Hohenlo, Erpach &c. Dressé sur les Memoires les plus nouveaux = Altera et Minor Pars Totius Illustrissimi Franconiae Circuli Simulae Archiepiscopatus et Electoratus Moguntini atque ceteri Franconiae Status ut sunt Comitatus Wertheim, Reinek ac Erpach finitimis que inferior Palatinatus Rheni inhac tabula ostenduntur /  |c I. Condet s. 
246 3 3 |a Altera et Minor Pars Totius Illustrissimi Franconiae Circuli Simulae Archiepiscopatus et Electoratus Moguntini atque ceteri Franconiae Status ut sunt Comitatus Wertheim, Reinek ac Erpach finitimis que inferior Palatinatus Rheni inhac tabula ostenduntur  |h [kartografický dokument] 
255 |a Měřítko [ca 1:450 000]. 7 cm = 4 Milliaria Germanica communia  |c (007°22´00" v.d.--009°48´00" v.d./050°50´00" s.š.--048°46´00" s.š.) 
260 |a A Amsterdam :  |b Chez Cóvens et Mortier,  |c [mezi 1758 a 1770] 
300 |a 1 mapa :  |b mědirytina ;  |c 53 x 46 cm na listu 68 x 57 cm 
500 |a Výzdoba: V levém dolním rohu nápisový monument umístěný do krajiny a obklopený alegorickými postavami, v mapovém rámci geografické souřadnice, nad rámcem název a měřítko 
510 3 |a IKAR 
510 4 |a Kuchař, K. Mapová sbírka B.P. Molla,  |c s. 365 
546 |a Název francouzsky a latinsky 
590 |a Potrhané okraje 
655 7 |a historické mapy  |7 fd186723  |2 czenas 
650 0 4 |a Mollova mapová sbírka 
650 0 7 |a mapové sbírky  |z Česko  |7 ph182407  |2 czenas 
610 2 7 |a Moravská zemská knihovna (Brno, Česko).  |b Mapová sbírka B.P. Molla  |7 mzk2005304487  |2 czenas 
651 7 |a Franky (Německo)  |7 ge129156  |2 czenas 
700 1 |a Covens, Johannes,  |d 1722-1794  |4 pbl 
700 1 |a Mortier, Cornelis,  |d 1699-1783  |4 pbl 
856 4 1 |u http://mapy.mzk.cz/mzk03/001/055/515/2619321197  |y Digitalizovaný dokument 
903 |a RP 
910 |a BOA001  |b Moll-0003.892,2 
978 |b Covens, Johannes I  |a Amsterdam  |c 1758-1770 
978 |b Mortier, Cornelis  |a Amsterdam  |c 1758-1770 
984 |a Amsterdam  |b Nizozemsko 
985 |a 1751-1800 
990 |a MP 
991 |k mzk